| 000 | 04336cim a2200913 a 4500 | ||
|---|---|---|---|
| 999 | _c58660 | ||
| 001 | 13455026 | ||
| 003 | LIBRIS | ||
| 005 | 20210927130403.0 | ||
| 007 | sd ||||||||||| | ||
| 008 | 120606s2012 sw nn||g|||||||f | swe| | ||
| 020 | _a9789174331592 | ||
| 028 | 0 | 1 |
_aIFCD 1220 : _bBonnier audio |
| 035 | _aAVM002818173 | ||
| 035 | _a(Bo)493477 | ||
| 035 | _aAVM002818173 | ||
| 040 |
_aS _dGbg _ea |
||
| 041 | _aswe | ||
| 082 | 0 | 4 |
_a839.78 _222 (machine generated) |
| 084 |
_aHceeq.01/LC _2kssb/8 |
||
| 084 |
_aHceeq.01 _2kssb/8 |
||
| 100 | 1 |
_aPenny, Louise, _d1958- _4aut _0https://libris.kb.se/fcrv3bqz3h6432b#it |
|
| 240 | 1 | 0 | _aStill life. |
| 245 | 1 | 0 |
_aMörkt motiv _h[Ljudupptagning] _b[en kommissarie Gamache-deckare] / _cLouise Penny. |
| 264 | 1 |
_aStockholm : _bBonnier audio, _cp 2012 |
|
| 300 |
_a11 CD (13 tim., 20 min.) _bstereo |
||
| 500 | _aSerie/fortsättningsarbete: 1. Mörkt motiv -- 2. Nådastöt -- 3. Den grymmaste månaden -- 4. Ett förbud mot mord | ||
| 500 | _aFörsta svenska upplaga för boken 2012 | ||
| 541 | _5S | ||
| 655 | 7 |
_aLjudböcker _0https://id.kb.se/term/saogf/Ljudb%C3%B6cker _2saogf |
|
| 655 | 4 | _aUtländsk skönlitteratur | |
| 700 | 1 |
_aHjukström, Charlotte, _d1959-2017 _4trl _0https://libris.kb.se/mkz130n51htmjwl#it |
|
| 700 | 1 |
_aBolme, Tomas, _d1945- _41945- _4nrt _0https://libris.kb.se/sq47gkrb4423k6s#it |
|
| 856 | 4 | 2 |
_uhttp://smdb.kb.se/resource/id/002818173 _zSvensk mediedatabas |
| 887 |
_a{"@id":"j2vz46vv0lsm0r3","modified":"2017-11-20T17:00:49+01:00","checksum":"105481996116"} _2librisxl |
||
| 887 |
_a{"@id":"59jf6vzb1mt818r","modified":"2016-01-25T13:10:42+01:00","checksum":"154931599634"} _2librisxl |
||
| 887 |
_a{"@id":"chpbsm0j3rz72bq","modified":"2014-04-01T12:01:09+02:00","checksum":"158687374171"} _2librisxl |
||
| 887 |
_a{"@id":"mrzdzkxs1pgc3bb","modified":"2012-07-03T10:35:14+02:00","checksum":"180496457007"} _2librisxl |
||
| 887 |
_a{"@id":"mr0vmsrs3b9grlq","modified":"2015-12-04T12:04:40+01:00","checksum":"180705922957"} _2librisxl |
||
| 887 |
_a{"@id":"lqzr9d6r1wlrz5x","modified":"2015-06-22T10:54:02+02:00","checksum":"160930626673"} _2librisxl |
||
| 887 |
_a{"@id":"gls7vfbm5s9kfdm","modified":"2012-11-07T16:17:54+01:00","checksum":"187805110943"} _2librisxl |
||
| 887 |
_a{"@id":"jsntpd69gsf00wkn","modified":"2018-08-29T15:02:26.573+02:00","checksum":"177995298363"} _2librisxl |
||
| 887 |
_a{"@id":"qv3zqt4w2kx43t2","modified":"2015-12-07T16:07:58+01:00","checksum":"168103669572"} _2librisxl |
||
| 887 |
_a{"@id":"p1swvhpxmhwvplsk","modified":"2020-01-08T13:16:14.104+01:00","checksum":"186855264829"} _2librisxl |
||
| 887 |
_a{"@id":"mrzdszws4dcvhwn","modified":"2012-06-06T08:02:42+02:00","checksum":"185566121219"} _2librisxl |
||
| 887 |
_a{"@id":"zc7016r4w7kqfptm","modified":"2021-07-08T17:16:22.593+02:00","checksum":"193149864715"} _2librisxl |
||
| 887 |
_a{"@id":"6bj05z2c19zd8h9","modified":"2013-01-23T16:08:29+01:00","checksum":"165222426649"} _2librisxl |
||
| 900 | 1 | s |
_6100 _d1958- _uPenny, Louise, _d1958- |
| 942 |
_2z _cAUDIOBOOK |
||